Guía de fotografía : secretos para hacer grandes fotos /

Shranjeno v:
Bibliografske podrobnosti
Glavni avtor: Burian, Peter K. (texto y fotografía)
Drugi avtorji: Caputo, Robert (texto y fotografía) (texto y fotografía)
Format: Knjiga
Jezik:španščina
Izdano: México : National Geographic Society : Océano, 2003, c2003
Teme:
Oznake: Označite
Brez oznak, prvi označite!

MARC

LEADER 00000nam^a2200000^a^4500
001 000171391
005 20250521000000.0
009 20260310101341.705
020 |a 970-651-902-5 
037 |a Acervo ITESO - Biblioteca 
041 |a ESP 
082 |a 771.  |b BUR 
100 |a Burian, Peter K.  |e (texto y fotografía) 
245 1 0 |a Guía de fotografía :  |b secretos para hacer grandes fotos /  |c Texto y fotografía de P.K. Burian, R. Caputo ; tr. por Francisco Rosés. 
264 4 |a México :  |b National Geographic Society :  |b Océano,  |c 2003, c2003 
300 |a 368 p. 
336 |a texto  |b txt  |2 rdacontenido 
337 |a sin mediación  |b n  |2 rdamedio 
338 |a volumen  |b nc  |2 rdasoporte 
649 |a XX 
650 |a Fotografía en Color 
650 |a Fotografía -  |x Materiales y Equipo 
650 |a Fotografía -  |x Técnica 
650 |a Arte -  |x Materiales y Equipo 
650 |a Arte -  |x Técnica 
650 |a Medios de Comunicación 
650 |a Comunicación Visual 
700 |a Caputo, Robert  |e (texto y fotografía) 
910 |a Fondo General 
920 |a Impresos - Libros 
930 |a Colección General 
905 |a 101 
901 |a 0500108647  |b IT1  |c ACC  |u 20250521 
902 |a https://opac.biblio.iteso.mx/vufind/Record/000171391